Las llaves del reino
Guardat en:
| Autor principal: | |
|---|---|
| Format: | Llibre |
| Idioma: | espanyol |
| Publicat: |
Santiago
Andrés Bello
1984
|
| Col·lecció: | Club de lectores Andrés Bello, 66
|
| Matèries: | |
| Accés en línia: | tabla de contenidos 1 |
| Etiquetes: |
Afegir etiqueta
Sense etiquetes, Sigues el primer a etiquetar aquest registre!
|
MARC
| LEADER | 00000nam a2200000 a 4500 | ||
|---|---|---|---|
| 001 | UCW5135 | ||
| 003 | CL-VaPUC | ||
| 008 | 901206e19840000CL |||||||||||||||||spa|d | ||
| 082 | 0 | 4 | |a 823 |b CRO |2 21 |
| 100 | 0 | |a Cronin, Archibald Joseph |e author |9 310022 | |
| 245 | 1 | 4 | |a Las llaves del reino |
| 300 | |a 411 p | ||
| 942 | |c BK | ||
| 945 | |d 19901206 00:00:00 | ||
| 260 | |a Santiago |b Andrés Bello |c 1984 | ||
| 650 | 0 | |a Novelas inglesas |9 265220 | |
| 856 | 7 | |f UCW5135_02.jpg |u http://opac.pucv.cl/pucv_img/Img-5000/UCW5135_02.jpg |q JEPG |2 file |z tabla de contenidos 1 | |
| 583 | |a last modification |c 19901206 00:00:00 |k Rodrigo Vera | ||
| 490 | 0 | |a Club de lectores Andrés Bello, 66 | |
| 999 | |c 218641 |d 218639 | ||
| 952 | |0 0 |1 0 |4 0 |6 823_000000000000000_CRO_1984 |7 0 |8 P |9 208486 |a BIBEDU |b BIBEDU |c BIBEDU_PB |d 2019-11-15 |i 2763885 |o 823 CRO 1984 |p 2763885 |r 2024-01-25 |w 2019-11-15 |y BK |k EDU | ||